Catálogo público

La investigación cinetífica su estrategia y su filosofía / (Record no. 168401)

MARC details
000 -CABECERA
campo de control de longitud fija 00683nam a2200277Ia 4500
001 - NÚMERO DE CONTROL
campo de control Z_5334
003 - IDENTIFICADOR DEL NÚMERO DE CONTROL
campo de control CHAP
008 - DATOS DE LONGITUD FIJA--INFORMACIÓN GENERAL
campo de control de longitud fija 220113s2004 xx 000 0 und d
010 ## - NÚMERO DE CONTROL DE LA BIBLIOTECA DEL CONGRESO
Número de control de LC 168401
020 ## - NÚMERO INTERNACIONAL ESTÁNDAR DEL LIBRO
Número Internacional Estándar del Libro 968-23-2225-1
040 ## - FUENTE DE LA CATALOGACIÓN
Centro/agencia transcriptor CHAP
082 ## - NÚMERO DE LA CLASIFICACIÓN DECIMAL DEWEY
Número de clasificación 500.18 B8 2004
100 ## - ENTRADA PRINCIPAL--NOMBRE DE PERSONA
Nombre de persona Bunge, Mario
9 (RLIN) 140458
245 ## - MENCIÓN DE TÍTULO
Título La investigación cinetífica su estrategia y su filosofía /
Mención de responsabilidad, etc. por Mario Bunge
250 ## - MENCIÓN DE EDICIÓN
Mención de edición 3 ed.
260 ## - PUBLICACIÓN, DISTRIBUCIÓN, ETC.
Lugar de publicación, distribución, etc. México :
Nombre del editor, distribuidor, etc. Siglo XXI,
Fecha de publicación, distribución, etc. 2004
300 ## - DESCRIPCIÓN FÍSICA
Extensión 805 p.
503 ## - NOTA DE HISTORIA BIBLIOGRÁFICA (BK CF MU) [OBSOLETO]
Nota de historia bibliográfica c/e
650 ## - PUNTO DE ACCESO ADICIONAL DE MATERIA--TÉRMINO DE MATERIA
Término de materia o nombre geográfico como elemento de entrada Ciencia
Subdivisión general MetodologíaCiencia y filsofía
9 (RLIN) 142697
901 ## - ELEMENTOS DE DATOS A LOCAL LDA (RLIN)
a 500.18 B8 2004
902 ## - ELEMENTOS DE DATOS B LOCAL, LDB (RLIN)
a A
910 ## - DATOS DE OPCIÓN DEL USUARIO (OCLC)
Datos de opción del usuario 2004
942 ## - ELEMENTOS DE PUNTO DE ACCESO ADICIONAL (KOHA)
Tipo de ítem Koha Libro_
942 ## - ELEMENTOS DE PUNTO DE ACCESO ADICIONAL (KOHA)
Tipo de ítem Koha
Holdings
Estado de retiro Estado de pérdida Estado dañado No para préstamo Localización permanente Ubicación/localización actual Ubicación en estantería Fecha de adquisición Información codificada de la localización en otra ubicación Código de barras Fecha visto por última vez Número de copia Precio válido a partir de Tipo de ítem Koha Nota pública
        Zootecnia Zootecnia   16/02/2006 1 z_5188 18/01/2022 1 18/01/2022 Libro 3
        Zootecnia Zootecnia   14/04/2008 1 z_5487 18/01/2022 2 18/01/2022 Libro 3